Statistics for Pobjednici Svjetskog nogometnog prvenstva

Click here to take the quiz!

General Stats

  • This quiz has been taken 336 times
    (318 since last reset)
  • The average score is 21 of 22

Answer Stats

GodinaDomaćinPobjednik% Correct
2022KatarArgentina
100%
1986MeksikoArgentina
100%
1978ArgentinaArgentina
100%
2018RusijaFrancuska
98%
1998FrancuskaFrancuska
98%
2002Japan i Južna KorejaBrazil
97%
1994SADBrazil
97%
1970MeksikoBrazil
97%
1962ČileBrazil
97%
1958ŠvedskaBrazil
97%
2014BrazilNjemačka
97%
1974Zapadna NjemačkaZapadna Njemačka
97%
1990ItalijaZapadna Njemačka
97%
1954ŠvicarskaZapadna Njemačka
97%
1938FrancuskaItalija
94%
1982ŠpanjolskaItalija
94%
2006NjemačkaItalija
94%
1934ItalijaItalija
94%
2010Južna AfrikaŠpanjolska
91%
1950BrazilUrugvaj
91%
1930UrugvajUrugvaj
91%
1966EngleskaEngleska
86%

Score Distribution

Percentile by Number Answered

Percent of People with Each Score

Your Score History

You have not taken this quiz since the last reset